L'italien pour fans d'opéra / (Record no. 174975)

MARC details
000 -LEADER
campo de control de longitud fija 00780nam a2200217 i 4500
001 - NÚMERO DE CONTROL
campo de control 174975
003 - IDENTIFICADOR DE NÚMERO DE CONTROL
campo de control ES-MaACL
005 - FECHA Y HORA DE LA ÚLTIMA TRANSACCIÓN
campo de control 20230906215719.0
008 - DATOS DE LONGITUD FIJA--INFORMACIÓN GENERAL
campo de control de longitud fija 100831s2000 fr a p |||| | spa d
020 ## - NÚMERO INTERNACIONAL ESTÁNDAR DEL LIBRO
Número Internacional Estándar del Libro 2-7005-0278-7
080 ## - NÚMERO DE LA CLASIFICACIÓN DECIMAL UNIVERSAL
Número de la Clasificación Decimal Universal (038)=131.1=133.1
100 1# - ENTRADA PRINCIPAL--NOMBRE DE PERSONA
Nombre de persona Blümke, Michael.
9 (RLIN) 143302
245 12 - MENCIÓN DEL TÍTULO
Título L'italien pour fans d'opéra /
Mención de responsabilidad, etc. d'après Michael Blümke ; adaptacion française de Tanya Leslie.
260 ## - PUBLICACIÓN, DISTRIBUCIÓN, ETC.
Lugar de publicación, distribución, etc. Chennevières-sur-Marne :
Nombre del editor, distribuidor, etc. Assimil,
Fecha de publicación, distribución, etc. 2000 (
Lugar de fabricación/manufactura Belgique)
300 ## - DESCRIPCIÓN FÍSICA
Extensión VIII, 182 p. :
Otras características físicas il. ;
Dimensiones 15 cm.
490 1# - MENCIÓN DE SERIE
Mención de serie Assimil évasion
650 #4 - PUNTO DE ACCESO ADICIONAL DE MATERIA--TÉRMINO DE MATERIA
Término de materia o nombre geográfico como elemento de entrada Lengua italiana-
Subdivisión general Conversación y frases-
-- Francés.
9 (RLIN) 143303
830 0# - PUNTO DE ACCESO ADICIONAL DE SERIE-TÍTULO UNIFORME
Título uniforme Assimil évasion
9 (RLIN) 223822
852 ## - LOCALIZACIÓN
Ubicación ES-MaACL
Número de control de estantería E-13035
Nota libre . - Biblioteca Jacinto Martínez Lacalle
Holdings
Estatus retirado Estado de pérdida Estado de daño No para préstamo Biblioteca de origen Biblioteca actual Ubicación en estantería Fecha de adquisición Fuente de adquisición Total de préstamos Signatura topográfica completa Código de barras Visto por última vez Precio de reemplazo Tipo de ítem Koha
        Biblioteca del Ateneo de Madrid Biblioteca del Ateneo de Madrid Depósito 2 31/08/2010     E-13035 1183725 23/02/2023 23/02/2023 Libro impreso